000 01447cam a2200133 4500500
005 20260329023141.0
041 _afre
042 _adc
100 1 0 _aHeilbrunn, Benoît
_eauthor
245 0 0 _aLa consommation et ses sociologies
260 _bArmand Colin,
_c2020.
520 _aÀ un degré inédit dans l’histoire des sociétés, la consommation s’est aujourd’hui découplée de la stricte réponse aux besoins naturels ; elle s’offre désormais comme un « territoire » aux frontières sans cesse étendues au sein duquel groupes et individus manipulent sens et valeurs et mobilisent une part croissante de leurs ressources (en temps, effort et énergie psychique). La consommation implique la domination de croyances et de pratiques transmises à travers des systèmes d’échange et d’influence et fonctionnant via des processus adaptés de construction et de manifestation de l’identité individuelle. Ce livre éclaire cette question majeure pour la compréhension de nos sociétés. Il met en lumière les différentes facettes des pratiques de consommation en synthétisant l’apport des approches sociologiques, anthropologiques et sémiotiques, et donne à réfléchir en cernant avec précision les enjeux liés à l’extension de la consommation à l’ensemble de la vie sociale.
856 4 1 _uhttps://shs.cairn.info/la-consommation-et-ses-sociologies--9782200628291?lang=fr&redirect-ssocas=7080
999 _c1925100
_d1925100